Statistiques concernant Trouve les paroles - Je vole - Michel Sardou

Cliquez ici pour prendre le quiz!

Statistiques générales

  • Ce quiz a été pris 162 fois
  • Le résultat moyen est 185 sur 322

Statistiques - réponses

Réponse% Correct
a
100%
à
100%
je
99%
Je
99%
me
99%
chers
98%
Mes
98%
parents
98%
pars
98%
vole
98%
m'a
97%
ma
97%
vous
97%
Vous
97%
aime
95%
ce
95%
soir
95%
de
94%
mais
94%
plus
94%
d'enfant
93%
n'aurez
93%
pas
93%
ne
91%
Ne
91%
sa
88%
Sans
85%
sans
85%
alcool
83%
fumée
81%
n'm'enfuis
76%
En
74%
en
74%
la
73%
se
67%
Elle
58%
Comprenez-bien
56%
Et
56%
et
56%
bien
54%
Qui
54%
que
53%
mère
51%
si
49%
un
49%
Un
49%
Il
48%
il
48%
mon
47%
Hier
46%
peu
46%
une
46%
Ça
45%
comme
44%
Comme
44%
père
44%
y
43%
Tout
42%
tout
42%
les
41%
39%
fait
38%
J'ai
38%
sur
38%
C'est
37%
des
37%
dit
37%
retourner
37%
demande
36%
demandé
36%
l'Atlantique
36%
cette
34%
gare
32%
poitrine
32%
sourit
32%
Pour
31%
doutait
29%
j'étais
28%
m'empêche
28%
s'éloigne
27%
respirer
26%
bizarre
25%
bloque
25%
cage
25%
suis
25%
train
24%
après
23%
est
23%
quelque
22%
chose
21%
très
21%
dans
20%
Pourquoi
20%
pourquoi
20%
qu'elle
20%
table
20%
ni
19%
Ni
19%
pense
19%
pleurer
19%
S'éloigner
19%
croire
18%
cru
18%
qu'ils
17%
semblant
17%
comment
16%
minuit
16%
Oh
15%
malade
14%
petite
14%
pieds
14%
pointe
14%
réveillent
14%
soirs
14%
surtout
14%
marche
13%
porte
13%
coup
12%
endormi
12%
Jamais
12%
l'heure
12%
pâle
12%
valise
12%
clair
11%
côté
11%
doucement
11%
douteront
11%
drôle
11%
heures
11%
l'appartement
11%
moins
11%
promis
11%
traverse
11%
bouclé
10%
passant
10%
rentrait
10%
tête
10%
voiture
10%
d'entrée
9%
jeudi
9%
presque
9%
voir
9%
yeux
9%
aventure
8%
cinq
8%
déchirant
8%
derrière
8%
dur
8%
espèce
8%
J'ouvre
8%
retenant
8%
Seulement
8%
souffle
8%
5h05
7%
grisant
7%
pensais
7%
regarder
7%
ressenti
7%
serait
7%
sept
6%
rendormi
4%

Distribution des résultats

Percentile par nombre de réponses

% des personnes avec chaque résultat

Votre développement - résultats

Vous n’avez pas pris ce quiz